| 000 | 00551nam a22001577a 4500 | ||
|---|---|---|---|
| 999 |
_c534996 _d534996 |
||
| 020 | _qHard Cover. | ||
| 082 | _a624.1 | ||
| 100 | _aArshad, Abdul Qadir | ||
| 245 |
_aDevelopment of risk management framework for construction projects in Pakistan / _cAbdul Qadir Arshad. |
||
| 260 |
_aIslamabad: _bNIT NUST, _c2014. |
||
| 300 |
_a86 p. : _bill. ; _c30cm. |
||
| 942 |
_2ddc _cTHE |
||
| 650 |
_aConstruction Engineering and Management MS-Thesis. _917023 |
||
| 700 |
_aDr. Muhammad Babar Khan _929015 |
||